[Event "Bath zt"]
[Site "Bath"]
[Date "1987.02.14"]
[Round "1"]
[White "Condie, Mark L"]
[Black "Botterill, George Steven"]
[Result "1/2-1/2"]
[WhiteElo "2430"]
[BlackElo "2370"]
[PlyCount "56"]
[EventDate "1987.02.14"]
[EventType "tourn"]
[EventRounds "11"]
[EventCountry "ENG"]
[EventCategory "7"]
[SourceTitle "CBM 004"]
[Source "ChessBase"]
[SourceDate "1988.06.01"]
[SourceVersion "1"]
[SourceVersionDate "1988.06.01"]
[SourceQuality "1"]

1. Nf3 Nf6 2. c4 g6 3. Nc3 Bg7 4. d4 0-0 5. e4 d6 6. Be2 e5 7. Be3 Ng4 8. Bg5 f6 9. Bh4 Nc6 10. d5 Ne7 11. Nd2 Nh6 12. g4 c5 13. f3 Nf7 14. a3 Bh6 15. Bf2 f5 16. h3 Bf4 17. Qc2 fxg4 18. fxg4 Ng5 19. Nf1 Bd7 20. Ne3 Nc8 21. 0-0-0 Nb6 22. Kb1 Nf3 23. Bxf3 Bxe3 24. Bxe3 Rxf3 25. Qe2 Qf6 26. Bg5 Qf7 27. Bh6 Rf2 28. Qd3 Rf3 1/2-1/2

[Event "BCF-ch"]
[Site "Swansea"]
[Date "1987.??.??"]
[Round "?"]
[White "Bellin, Robert"]
[Black "Botterill, George Steven"]
[Result "1-0"]
[WhiteElo "2400"]
[BlackElo "2365"]
[PlyCount "87"]
[EventDate "1987.08.??"]
[EventType "swiss"]
[EventRounds "11"]
[EventCountry "WLS"]
[SourceTitle "TD"]
[Source "ChessBase"]
[SourceDate "1994.03.01"]
[SourceVersion "1"]
[SourceVersionDate "1994.03.01"]
[SourceQuality "1"]

1. e4 e5 2. Nf3 Nc6 3. Bb5 a6 4. Ba4 Nf6 5. 0-0 Nxe4 6. d4 b5 7. Bb3 d5 8. dxe5 Be6 9. Nbd2 Nc5 10. c3 d4 11. Bxe6 Nxe6 12. cxd4 Ncxd4 13. Ne4 Be7 14. Be3 Nf5 15. Qc2 0-0 16. Nf6+ Bxf6 17. Qxf5 Be7 18. Rfd1 Qc8 19. Rac1 Rd8 20. Rxd8+ Qxd8 21. Qe4 c5 22. b3 Ra7 23. h3 Qa8 24. Nd2 Qxe4 25. Nxe4 Rc7 26. f4 c4 27. bxc4 Rxc4 28. Rxc4 bxc4 29. Kf2 Kf8 30. Ke2 Nc7 31. Bd2 Nd5 32. Nc3 Nb4 33. Ke3 Nc2+ 34. Ke4 Bb4 35. g4 Ke8 36. Kd5 Na3 37. Kd4 g6 38. Ne4 Nc2+ 39. Kxc4 Bxd2 40. Nxd2 Ne3+ 41. Kd4 Ng2 42. Ke4 Ne1 43. Nb3 Nc2 44. a4 1-0

[Event "BCF-ch"]
[Site "Swansea"]
[Date "1987.??.??"]
[Round "?"]
[White "Botterill, George Steven"]
[Black "Motwani, Paul"]
[Result "1/2-1/2"]
[WhiteElo "2365"]
[BlackElo "2425"]
[PlyCount "96"]
[EventDate "1987.08.??"]
[EventType "swiss"]
[EventRounds "11"]
[EventCountry "WLS"]
[SourceTitle "TD"]
[Source "ChessBase"]
[SourceDate "1994.03.01"]
[SourceVersion "1"]
[SourceVersionDate "1994.03.01"]
[SourceQuality "1"]

1. d4 Nf6 2. Nf3 d5 3. c4 e6 4. Nc3 Be7 5. Bg5 0-0 6. e3 Nbd7 7. cxd5 exd5 8. Bd3 Re8 9. 0-0 c6 10. Qc2 Nf8 11. Rab1 Ng6 12. b4 Bd6 13. b5 Bg4 14. bxc6 bxc6 15. Nd2 h6 16. Bxh6 Bh5 17. Bg5 Bxh2+ 18. Kh1 Bc7 19. Rb7 Qc8 20. Rxc7 Qxc7 21. Bxf6 gxf6 22. Nxd5 Qd6 23. Nc3 f5 24. Bxf5 Qf6 25. Bh3 Qh4 26. Qf5 Ne7 27. Qe4 Qxe4 28. Ndxe4 Kg7 29. Rc1 Rab8 30. Kg1 Bg6 31. Nc5 Rb2 32. g3 Nd5 33. Nxd5 cxd5 34. Bg2 Rd8 35. a4 Rd2 36. Bf3 Rd6 37. Kg2 Bc2 38. Ra1 Bd3 39. Nxd3 Rxd3 40. Ra2 Kf6 41. Rc2 Ra3 42. Rc5 Ke6 43. Ra5 a6 44. Be2 Ra2 45. Bxa6 Ke7 46. Bd3 Rf6 47. Rxd5 Rfxf2+ 48. Kh3 Rxa4 1/2-1/2

[Event "BCF-ch"]
[Site "Southampton"]
[Date "1986.??.??"]
[Round "5"]
[White "Botterill, George Steven"]
[Black "Lyell, Mark"]
[Result "1-0"]
[WhiteElo "2395"]
[BlackElo "2030"]
[PlyCount "95"]
[EventDate "1986.07.28"]
[EventType "swiss"]
[EventRounds "11"]
[EventCountry "ENG"]
[SourceTitle "EXT 1999"]
[Source "ChessBase"]
[SourceDate "1998.11.16"]
[SourceVersion "1"]
[SourceVersionDate "1998.11.16"]
[SourceQuality "1"]

1. d4 Nc6 2. Nf3 d6 3. e4 Nf6 4. Nc3 Bg4 5. Bb5 a6 6. Bxc6+ bxc6 7. h3 Bh5 8. Qe2 e6 9. e5 Nd7 10. g4 Bg6 11. Bg5 Be7 12. Bxe7 Qxe7 13. a3 0-0 14. 0-0-0 d5 15. h4 f6 16. h5 Be8 17. Qe3 Nb6 18. exf6 gxf6 19. Nd2 Bd7 20. f4 Rf7 21. Rdg1 Raf8 22. Na2 a5 23. Kb1 Bc8 24. Nc1 Ba6 25. Ncb3 Nc4 26. Nxc4 Bxc4 27. Nc5 e5 28. g5 fxg5 29. b3 Rxf4 30. bxc4 R8f5 31. cxd5 cxd5 32. dxe5 Rf3 33. Qd4 Rxe5 34. Nd3 Ref5 35. Re1 Qxa3 36. Re8+ Kf7 37. Qh8 Rf1+ 38. Rxf1 Rxf1+ 39. Re1 Rxe1+ 40. Nxe1 Qb4+ 41. Ka2 Qxe1 42. Qxh7+ Kf6 43. Qg6+ Ke7 44. Qxg5+ Kd6 45. h6 Qe8 46. Qf4+ Kc5 47. Qxc7+ Qc6 48. Qxc6+ 1-0

[Event "BCF-ch"]
[Site "Southampton"]
[Date "1986.??.??"]
[Round "1"]
[White "Botterill, George Steven"]
[Black "Townsend, M Paul"]
[Result "1-0"]
[WhiteElo "2395"]
[BlackElo "2220"]
[PlyCount "79"]
[EventDate "1986.07.28"]
[EventType "swiss"]
[EventRounds "11"]
[EventCountry "ENG"]
[SourceTitle "EXT 1999"]
[Source "ChessBase"]
[SourceDate "1998.11.16"]
[SourceVersion "1"]
[SourceVersionDate "1998.11.16"]
[SourceQuality "1"]

1. d4 Nf6 2. c4 e6 3. Nc3 Bb4 4. Qc2 c5 5. dxc5 0-0 6. Nf3 Na6 7. Bd2 Nxc5 8. a3 Bxc3 9. Bxc3 b6 10. Ng5 e5 11. Bxe5 Re8 12. Bc3 Bb7 13. e3 Nce4 14. Nxe4 Nxe4 15. Be2 Qh4 16. Bf3 d5 17. Rd1 Rac8 18. Bxe4 Rxe4 19. cxd5 Rxe3+ 20. Kf1 Qc4+ 21. Kg1 Re2 22. Qf5 Qb3 23. Qd3 Ba6 24. Qd4 f6 25. d6 Rd8 26. h3 Re6 27. Kh2 Bb7 28. Rhe1 Rxe1 29. Rxe1 Qd5 30. Qxd5+ Bxd5 31. Re7 a5 32. d7 Bc6 33. Re6 Bxd7 34. Rxb6 a4 35. Rb7 Bc6 36. Rc7 Be8 37. f3 Kf8 38. Bb4+ Kg8 39. Bc3 Kf8 40. g4 1-0

[Event "BCF-ch"]
[Site "Southampton"]
[Date "1986.??.??"]
[Round "2"]
[White "Chandler, Murray G"]
[Black "Botterill, George Steven"]
[Result "1-0"]
[WhiteElo "2565"]
[BlackElo "2395"]
[PlyCount "135"]
[EventDate "1986.07.28"]
[EventType "swiss"]
[EventRounds "11"]
[EventCountry "ENG"]
[SourceTitle "EXT 1999"]
[Source "ChessBase"]
[SourceDate "1998.11.16"]
[SourceVersion "1"]
[SourceVersionDate "1998.11.16"]
[SourceQuality "1"]

1. e4 e6 2. d4 d5 3. Nc3 Bb4 4. e5 Ne7 5. Nf3 b6 6. Bd2 Bxc3 7. Bxc3 Ba6 8. Bxa6 Nxa6 9. Qe2 Nb8 10. Bb4 Nd7 11. Ba3 c5 12. 0-0 0-0 13. Rac1 a6 14. c4 dxc4 15. dxc5 b5 16. Rfd1 Nc6 17. Rd6 Qc7 18. Rcd1 Rfd8 19. Qe4 Nf8 20. Nd4 Ne7 21. c6 Nd5 22. Rxd8 Rxd8 23. Bd6 Qb6 24. h4 Ng6 25. g3 Nge7 26. c7 Re8 27. Nf3 h6 28. Bxe7 Nxe7 29. Rd7 Nd5 30. Nd4 Nxc7 31. Rd6 Qb8 32. Qc6 Qc8 33. a4 Nd5 34. axb5 axb5 35. Nxb5 Qxc6 36. Rxc6 Rb8 37. Nd6 Rxb2 38. Rc8+ Kh7 39. Rxc4 Kg6 40. Rg4+ Kh7 41. Nxf7 Rb1+ 42. Kg2 Rb2 43. Re4 Kg6 44. Nd6 h5 45. Kf1 Rb1+ 46. Re1 Rb2 47. Re2 Rb1+ 48. Kg2 Rc1 49. Rb2 Re1 50. f4 Ra1 51. Rb8 Ra2+ 52. Kf3 Ra3+ 53. Ke4 Nc3+ 54. Kd3 Nd5+ 55. Kd4 Ne7 56. Re8 Nf5+ 57. Kc5 Nxg3 58. Rxe6+ Kh7 59. Re7 Rc3+ 60. Kd5 Rd3+ 61. Kc4 Rf3 62. Rf7 Kg6 63. f5+ Nxf5 64. Rxf5 Rxf5 65. Nxf5 Kxf5 66. Kd5 g6 67. e6 Kf6 68. Kd6 1-0

[Event "London Nat West Young Masters"]
[Site "London"]
[Date "1985.??.??"]
[Round "1"]
[White "Bradbury, Neil H"]
[Black "Botterill, George Steven"]
[Result "1-0"]
[WhiteElo "2345"]
[BlackElo "2415"]
[PlyCount "69"]
[EventDate "1985.??.??"]
[EventType "tourn"]
[EventRounds "9"]
[EventCountry "ENG"]
[EventCategory "6"]
[SourceTitle "EXT 2002"]
[Source "ChessBase"]
[SourceDate "2001.11.25"]
[SourceVersion "1"]
[SourceVersionDate "2001.11.25"]
[SourceQuality "1"]

1. d4 Nf6 2. c4 e6 3. Nf3 d5 4. Nc3 c6 5. g3 Nbd7 6. Bg2 Be7 7. 0-0 0-0 8. Qd3 b6 9. cxd5 cxd5 10. Bf4 a6 11. Rac1 Bb7 12. Rc2 Nh5 13. Bd2 f5 14. Qe3 Rf6 15. Ng5 Nf8 16. Qf3 Qe8 17. h4 h6 18. Nh3 Nd7 19. Nf4 Nxf4 20. Bxf4 Rf8 21. Qe3 Qf7 22. Nb1 Rac8 23. Rfc1 Nf6 24. Rc7 Rxc7 25. Rxc7 Bc8 26. Nd2 Qe8 27. Nf3 Ne4 28. Qc1 Bd7 29. Ne5 Bb5 30. Bxe4 fxe4 31. Bxh6 gxh6 32. Qxh6 Rf6 33. Qg5+ Kh8 34. h5 Qf8 35. Rxe7 1-0

[Event "London Nat West Young Masters"]
[Site "London"]
[Date "1985.??.??"]
[Round "9"]
[White "Norwood, David"]
[Black "Botterill, George Steven"]
[Result "1/2-1/2"]
[WhiteElo "2335"]
[BlackElo "2415"]
[PlyCount "44"]
[EventDate "1985.??.??"]
[EventType "tourn"]
[EventRounds "9"]
[EventCountry "ENG"]
[EventCategory "6"]
[SourceTitle "EXT 2002"]
[Source "ChessBase"]
[SourceDate "2001.11.25"]
[SourceVersion "1"]
[SourceVersionDate "2001.11.25"]
[SourceQuality "1"]

1. g3 d5 2. Bg2 c6 3. Nf3 Nf6 4. d3 Bf5 5. b3 h6 6. Bb2 e6 7. 0-0 Nbd7 8. c4 Be7 9. Na3 0-0 10. Nc2 a5 11. Rc1 Re8 12. cxd5 exd5 13. Re1 Bh7 14. Nfd4 Bf8 15. Ne3 a4 16. Qd2 axb3 17. axb3 Qb6 18. Ndc2 Ra2 19. Rb1 Ne5 20. Bxe5 Rxe5 21. Qc3 Re8 22. b4 Qd8 1/2-1/2

[Event "Zonal Brighton"]
[Site "Brighton"]
[Date "1984.12.19"]
[Round "8"]
[White "Short, Nigel D"]
[Black "Botterill, George Steven"]
[Result "1/2-1/2"]
[WhiteElo "2500"]
[BlackElo "2340"]
[PlyCount "82"]
[EventDate "1984.12.12"]
[EventType "tourn"]
[EventRounds "9"]
[EventCountry "ENG"]
[EventCategory "7"]
[SourceTitle "MCL"]
[Source "ChessBase"]
[SourceDate "1999.07.01"]
[SourceVersion "1"]
[SourceVersionDate "1999.07.01"]
[SourceQuality "1"]

1. e4 d6 2. d4 g6 3. Nf3 Bg7 4. Be2 Nf6 5. Nc3 0-0 6. 0-0 Bg4 7. Be3 Nc6 8. h3 Bxf3 9. Bxf3 Nd7 10. d5 Na5 11. Be2 c6 12. Rb1 Rc8 13. Re1 cxd5 14. Nxd5 e6 15. Nf4 Nf6 16. f3 d5 17. exd5 e5 18. Nd3 Nxd5 19. Bf2 Re8 20. Bf1 f5 21. Nc5 b6 22. Nb3 Nxb3 23. axb3 Nf4 24. Qxd8 Rexd8 25. Rbd1 Bf6 26. c3 Kg7 27. Rxd8 Rxd8 28. Ra1 Rd7 29. Bb5 Rc7 30. Rd1 Be7 31. b4 Kf6 32. h4 Ke6 33. Ba4 Bd6 34. Be3 Ke7 35. Kf2 Ne6 36. g4 f4 37. Bc1 a5 38. bxa5 bxa5 39. Ke2 Nc5 40. Bc2 Rb7 41. h5 gxh5 1/2-1/2

[Event "Zonal Brighton"]
[Site "Brighton"]
[Date "1984.12.18"]
[Round "7"]
[White "Botterill, George Steven"]
[Black "Speelman, Jonathan S"]
[Result "1/2-1/2"]
[WhiteElo "2340"]
[BlackElo "2495"]
[PlyCount "71"]
[EventDate "1984.12.12"]
[EventType "tourn"]
[EventRounds "9"]
[EventCountry "ENG"]
[EventCategory "7"]
[SourceTitle "MCL"]
[Source "ChessBase"]
[SourceDate "1999.07.01"]
[SourceVersion "1"]
[SourceVersionDate "1999.07.01"]
[SourceQuality "1"]

1. Nf3 Nf6 2. c4 b6 3. d4 e6 4. Nc3 Bb4 5. Qc2 Bb7 6. a3 Bxc3+ 7. Qxc3 0-0 8. b4 d6 9. Bb2 Nbd7 10. e3 a6 11. Bd3 Ra7 12. 0-0 Qa8 13. Ne1 c5 14. f3 Rc8 15. Rd1 a5 16. bxc5 bxc5 17. d5 exd5 18. Bf5 Bc6 19. cxd5 Ba4 20. Rd2 Rb8 21. Bxd7 Bxd7 22. Rff2 Qb7 23. Qc4 Qb3 24. Qf4 Ne8 25. h4 Qa4 26. e4 Rb3 27. Rc2 Rab7 28. g4 c4 29. Qc1 Rc7 30. Rc3 Qb5 31. Ng2 Rb7 32. Rxb3 cxb3 33. Ne3 Qd3 34. Qd2 Qxd2 35. Rxd2 Bb5 36. Kf2 1/2-1/2

[Event "British CF-70 Championship"]
[Site "Southport/ Merseyside"]
[Date "1983.08.13"]
[Round "6"]
[White "Botterill, George Steven"]
[Black "Watson, William N"]
[Result "1/2-1/2"]
[WhiteElo "2410"]
[BlackElo "2395"]
[PlyCount "84"]
[EventDate "1983.08.08"]
[EventType "swiss"]
[EventRounds "11"]
[EventCountry "ENG"]
[SourceTitle "EXT 1999"]
[Source "ChessBase"]
[SourceDate "1998.11.16"]
[SourceVersion "1"]
[SourceVersionDate "1998.11.16"]
[SourceQuality "1"]

1. d4 Nf6 2. c4 g6 3. Nc3 Bg7 4. e4 0-0 5. Be2 d6 6. Bg5 Nc6 7. d5 Ne5 8. Qd2 c6 9. Nf3 Ned7 10. 0-0 Nc5 11. Qc2 cxd5 12. cxd5 Qc7 13. Nd2 Bd7 14. Rac1 a5 15. b3 Rab8 16. a4 Qd8 17. f3 Ne8 18. Bb5 Nc7 19. Bxd7 Qxd7 20. Nc4 N7a6 21. Rfd1 Nb4 22. Qb1 b6 23. Bf4 Qc7 24. Nb5 Qb7 25. Ne3 Rbd8 26. g4 Bf6 27. Kg2 Rd7 28. Na3 Rdd8 29. Nac4 Nd7 30. Nc2 Nc5 31. Nxb4 axb4 32. Bd2 b5 33. Na5 Qa6 34. Bxb4 bxa4 35. Bxc5 Qxa5 36. b4 Qb5 37. Bf2 Rb8 38. Qa2 Qxb4 39. Rc4 Qb2 40. Rxa4 Rfc8 41. Rd2 Qxa2 42. Rdxa2 Kg7 1/2-1/2

[Event "British CF-70 Championship"]
[Site "Southport/ Merseyside"]
[Date "1983.08.11"]
[Round "4"]
[White "Botterill, George Steven"]
[Black "Wells, Peter K"]
[Result "1-0"]
[WhiteElo "2410"]
[BlackElo "2330"]
[PlyCount "66"]
[EventDate "1983.08.08"]
[EventType "swiss"]
[EventRounds "11"]
[EventCountry "ENG"]
[SourceTitle "EXT 1999"]
[Source "ChessBase"]
[SourceDate "1998.11.16"]
[SourceVersion "1"]
[SourceVersionDate "1998.11.16"]
[SourceQuality "1"]

1. d4 Nf6 2. c4 e6 3. Nc3 Bb4 4. Qc2 c5 5. dxc5 0-0 6. Nf3 Na6 7. Bd2 Nxc5 8. a3 Bxc3 9. Bxc3 Nfe4 10. Bd4 a5 11. b4 axb4 12. axb4 Rxa1+ 13. Bxa1 Qb6 14. Qb2 f6 15. e3 Na6 16. Bd3 d5 17. cxd5 exd5 18. 0-0 Qxb4 19. Qa2 Nac5 20. Bb1 Qc4 21. Qb2 Na4 22. Qa3 Nac3 23. Bxc3 Nxc3 24. Nd2 Qc7 25. Bxh7+ Kf7 26. Bg6+ Kg8 27. Qb4 d4 28. Nf3 f5 29. Qb3+ Kh8 30. exd4 Ne2+ 31. Kh1 Nf4 32. Ne5 Qd6 33. Qg3 Kg8 1-0